000 00602nam a2200241Ia 4500
003 OSt
005 20220928121944.0
006 a|||||r|||| 00| 0
007 ta
008 220927b |||||||| |||| 00| 0 eng d
024 _a28293
037 _cTextual
040 _aSDCL
_cSDCL
_beng
041 _2eng
_aeng
082 _aX:9, L1
100 _aJucius Michael J
_9454970
245 0 _aPersonnel management
250 _a7
260 _aHomewood
_bRichard D Irwin
_c1971
300 _axiii,587p
_ccm.
942 _hX:9, L1
_cTEXL
_2CC
999 _c768675
_d768675